000
00218 a2200097 4500
001
15121
100
_a
Stigler G.J
245
_a
The theory of price
260
_a
New York
_b
Macmillan company
_c
090
_c
11871
_d
11871
942
_a
NUST-CAE
_c
M
_c
2082
999
_c
250194
_d
250194